| 000 | 00513nam a22001577a 4500 | ||
|---|---|---|---|
| 003 | macl | ||
| 005 | 20200709154820.0 | ||
| 008 | 200709b xxu||||| |||| 00| 0 eng d | ||
| 040 | _cmacl | ||
| 082 | _a891.433/SIN/N | ||
| 100 |
_aसिेह,डॉ उमा _978898 |
||
| 245 | _aआधुनिक मीरावाई | ||
| 260 |
_aदिल्ली _bविश्व हिंदी साहित्य परिषद _c2018 |
||
| 650 |
_aउपन्यास _978899 |
||
| 942 |
_2ddc _cHIN |
||
| 999 |
_c62592 _d62592 |
||